Evaluación genética de los bosques de roble (Quercus humboldti Bonpl.) en los municipios de Filandia y Salento, Quindío, utilizando la técnica de microsatelites / (Registro nro. 19850)
[ vista simple ]
| 000 -CABECERA | |
|---|---|
| Campo de control | 01307naa a2200253 4500 |
| 005 - FECHA Y HORA DE LA ULTIMA TRANSACCION | |
| Campo de control | 20191224042336.0 |
| 008 - ELEMENTOS DE LONGITUD FIJA—INFORMACION GENERAL | |
| Campo de control | 170922s2006 ck |||||r|||| 10| 0 spa d |
| 040 ## - FUENTE DE CATALOGACIÓN | |
| Agencia catalogadora original | CO-BoIAVH |
| Agencia transcriptora | CO-BoIAVH |
| 041 0# - IDIOMA | |
| Código de idioma para texto/pista de sonido o título separado | Español |
| 044 ## - PAÍS DE PUBLICACIÓN | |
| País de publicación | Colombia |
| 100 1# - ASIENTO PRINCIPAL--NOMBRE PERSONAL | |
| Nombre personal | Barrios Leal, Dora Yovana |
| Término relacionado | autora |
| 245 10 - MENCION DE TITULO | |
| Título | Evaluación genética de los bosques de roble (Quercus humboldti Bonpl.) en los municipios de Filandia y Salento, Quindío, utilizando la técnica de microsatelites / |
| 260 ## - PUBLICACION, DISTRIBUCION, ETC. (PIE DE IMPRENTA) | |
| Lugar de publicación, distribución, etc. | Bogotá (Colombia) : |
| Nombre del editor, distribuidor, etc. | Fundación Natura : |
| -- | Pontificia Universidad Javeriana, |
| Fecha de publicación, distribución, etc. | 2006. |
| 300 ## - DESCRIPCION FISICA | |
| Extensión | p |
| 520 ## - NOTA DE RESUMEN, ETC. | |
| Nota de resumen | Los bosques del norte de los Andes guardan gran biodiversidad y endemismo; sinembargo, una de las grandes amenazas para la biodiversidad en la zona andina es la pérdida de habitat. |
| 650 24 - ASIENTO SECUNDARIO DE MATERIA - TERMINO TEMATICO | |
| Término temático o nombre geográfico como elemento de entrada | Bosques de roble |
| 650 24 - ASIENTO SECUNDARIO DE MATERIA - TERMINO TEMATICO | |
| Término temático o nombre geográfico como elemento de entrada | Quercus Humboldtii Bonpl |
| 651 ## - ASIENTO SECUNDARIO DE MATERIA - NOMBRE GEOGRAFICO | |
| Nombre geográfico | Quindío (Colombia) |
| Subdivisión geográfica | Filandia |
| -- | Salento |
| 700 1# - ASIENTO SECUNDARIO - NOMBRE PERSONAL | |
| Nombre personal | Vargas, William G. |
| Término de relación | autor |
| 700 1# - ASIENTO SECUNDARIO - NOMBRE PERSONAL | |
| Nombre personal | Lozano, Fabio H. |
| Término de relación | autor |
| 700 1# - ASIENTO SECUNDARIO - NOMBRE PERSONAL | |
| Nombre personal | Palacio Mejia, Juan Diego |
| Término de relación | autor |
| 773 0# - Item fuente: | |
| Asiento principal | Memorias : I Simposio Internacional de Roble y Ecosistemas Asociados |
| Lugar, editorial y fecha de publicación | Bogotá : Fundación Natura : Pontificia Universidad Javeriana, 2006. |
| Otro identificador del ítem - Codigo de Barras | 026974 |
| Número Internacional Normalizado para Libros - ISBN | 9789589804018 |
| Información sobre la relación | páginas 29-48 |
| Host Biblionumber | 6819 |
| Host Itemnumber | 10771 |
| 942 ## - ELEMENTOS ADICIONALES (KOHA) | |
| Sistema de clasificación | Local |
| Tipo de ítem | Artículo |
No hay ítems disponibles.